| 000 | 00433nam a22001697a 4500 | ||
|---|---|---|---|
| 999 |
_c4069 _d4026 |
||
| 008 | 181222b ||||| |||| 00| e eng d | ||
| 020 | _a9786051113647 | ||
| 041 | _atur | ||
| 050 | _aPL248.T35 | ||
| 100 |
_91318 _aTekin, Latife |
||
| 245 | _aRüyalar ve Uyanışlar Defteri | ||
| 250 | _a1. Baskı | ||
| 260 |
_aİstanbul: _bDoğan Kitap, _cEkim 2009 |
||
| 300 | _a182 Sayfa | ||
| 650 | 0 |
_9145 _aTürk Edebiyatı |
|
| 942 |
_2lcc _cBK |
||